000 01550cam a22001934a 4500
005 20250605164030.0
008 250528s ||||||||||||||||||||||||d
035 _a16615
040 _aGR-AtMCL
_bgre
_dGR-AtMCL
_eAACR2
245 1 _aΨυχολογία / Second Edition - Τόμος 3
250 _a2nd
260 _bΗλιάδη,
_c1993
300 _a174
520 _aΝοημοσύνη, Η Εκτίμηση της Νοημοσύνης, Τα Όρια της Νοημοσύνης, Θεωρίες της Νοημοσύνης, Σκέψεις Γύρω από την Ψυχολογία, Κινητήρια Δύναμη Συμπεριφοράς, Πηγές Κινητήριας Δύναμης, Το Κινητρο της Πείνας, Το Κίνητρο της Σεξουαλικότητας, Το Κίνητρο της Διέργεσης, Το Κίνητρο της Ανάπτυξης, Συγκίνηση, Η Φυσιολογία της Συγκίνησης, Η Έκφραση της Συγκίνησης, Η Εμπειρία της Συγκίνησης, Θεωρίες της Συγκίνησης, Προσωπικότητα, Η Βιοψυχολογική Προσέγγιση, Η Ψυχαναλυτική Προσέγγιση, Η Προσέγγιση της Προδιάθεσης, Η Προσέγγιση της Θεωρίας της Συμπεριφοράς, Η Γνωστική Προσέγγιση, Η Ανθρωπιστική Προσέγγιση.
700 1 _aSdorow Lester M
_9201
942 _cBK
999 _c2094
_d2094